000 01282aam a2200337 i 4500
001 768714001
003 CO-MdFUSB
005 20210319163635.0
007 ta
008 201216t1929 enka|||| |||| 00| 0 eng d
020 _a[No incluye ISBN]
040 _bspa.
_aCO-MdFUSB
_cCO-MdFUSB
_dCO-MdFUSBC
_erda
041 _aeng
082 _223
_a226.3077
_bB659
100 _aBlunt, Alfred Walter Frank.
_eautor
245 1 4 _aThe gospel according to Saint Mark
_c/ Alfred Walter Frank Blunt
250 _aVersion revisada con introduccion y comentarios
264 1 _aOxford, Inglaterra :
_bThe Clarendon Press,
_c[1929]]
264 4 _c© 1929
300 _a272 páginas
_c; 19 cm
336 _atexto
_btxt
_2rdacontent
337 _2rdamedia
_asin mediación
_bn
338 _2rdacarrier
_avolumen
_bnc
500 _aIncluye índice (p. 271-272)
505 _aCómo se escribieron los evangelios. - Tradición de la iglesia en cuanto a la autoría del evangelio. - Evidencia interna en cuanto a las fuentes del Evangelio. - La imagen de Jesucristo en el evangelio. - Autoría de Marcan. Evidencia interna. - Lugar y fecha de redacción del evangelio.
563 _aPasta dura
630 0 7 _aBiblia.
_pMarcos
942 _cBK
945 _aJTF-925
999 _c46310
_d46310